Normal view
MARC view
Entry Personal Name
001 - CONTROL NUMBER
- control field: 79469
003 - CONTROL NUMBER IDENTIFIER
- control field: dpl
005 - DATE AND TIME OF LATEST TRANSACTION
- control field: 20250310124942.0
008 - FIXED-LENGTH DATA ELEMENTS
- fixed length control field: 250310|| aca||aabn | a|a d
040 ## - CATALOGING SOURCE
- Original cataloging agency: dpl
- Transcribing agency: dpl
100 ## - HEADING--PERSONAL NAME
- Personal name: Mandal, Somdatta
670 ## - SOURCE DATA FOUND
- Source citation: Work cat.: (dpl)210200: The Journey of a Bengali Woman to Japan & Other Essays/, 2019
